000 00806cab a2200265 4500
001 WB3025-09
008 090401t1994 xxu||||| |||| 00| 0 eng d
035 _a(Sirsi) u27055
041 _aeng
245 _aFeat of clay
260 _c1994
350 _a0
490 _aGuardian
_v25 June 1994, 63(1)
520 _aEnglish Heritage and Centre for Earthen Architecture at Plymouth University are interested in contemporary earth structures and in promoting a renaissance in unbaked earth buildings.
650 _aCOB PROPERTIES
650 _aCOB
650 _aEARTH BUILDINGS
650 _aENGLISH HERITAGE
650 _aMUD BUILDING
650 _aUNBAKED EARTH BUILDINGS
690 _aBUILT ENVIRONMENT-BUILDING MATERIALS
690 _aCONSERVATION
942 _n0
948 _c04/03/1997
999 _c18223
_d18223